01080nabaa22001817a 4500003000400000005001700004008004100021040000700062100002600069245008800095300001500183500003600198505042400234505008900658650002700747650001100774773011300785OSt20260129010514.0190701b xxu||||| |||| 00| 0 spa d cPJ aCassagne, Juan Carlos13aEl estado populista y la teoría de la razón populista /cJuan Carlos Cassagne.  ap. 188-195 aCita: TR LALEY AR/DOC/446/2025  aSumario: I. Introducción.— II. La irrupción del Estado populista.— III. La teoría de la razón populista.— IV. Consecuencias de la adopción del modelo del socialismo del siglo XXI.— V. Perspectivas políticas.— VI. La justicia social y sus límites.— VII. La enfermedad populista y las técnicas que se utilizan.— VIII. La necesidad de lograr consensos y reafirmar una justicia independiente.  t¿Te interesa el texto completo? Comunicate al correo: koha@justierradelfuego.gov.ar 0aDERECHO ADMINISTRATIVO 0aESTADO0 02842dBuenos Aires : AbeledoPerrot, 2012-oDA121tDerecho administrativo. Nº 158 marzo/abril 2025z18510590